| 000 | 00722nam a22002297a 4500 | ||
|---|---|---|---|
| 999 |
_c5728 _d5728 |
||
| 001 | 4380 | ||
| 003 | BD-DhUAP | ||
| 005 | 20201220152648.0 | ||
| 008 | 201220s1994 nyua|||| |||| 001 0 eng d | ||
| 020 | _a0471147389 | ||
| 040 |
_aBD-DhUAP _bEng _cBD-DhUAP _dBD-DhUAP |
||
| 082 |
_223 _a658.4036 MEL |
||
| 100 | _aMelohn, Tom. | ||
| 245 |
_aThe new partnership : _bprofit by bringing out the best in your people, customers, and yourself / _cTom Melohn. |
||
| 260 |
_aNew York : _bJ. Wiley, _c©1994. |
||
| 300 |
_axxiii, 265 pages : _billustrations ; _c23 cm. |
||
| 500 | _aIncludes index. | ||
| 650 | _aEmployee empowerment. | ||
| 650 | _aGroup decision making. | ||
| 650 | _aEmployee motivation. | ||
| 942 |
_2ddc _cBK |
||